Estadísticas para Países del Mar del Norte

Haz click aquí para intentar la prueba.

Estadísticas generales

  • Esta prueba ha sido intentada 2.800 veces
  • La puntuación promedio es 7 de 7

Estadísticas de respuestas

País% Correcto
Dinamarca
97%
Noruega
96%
Reino Unido
95%
Alemania
93%
Países Bajos
92%
Bélgica
91%
Francia
90%

Distribución de puntuación

Porcentaje por número respondido

Porcentaje de gente con cada puntuación

Historial de tus puntuaciones

No has intentado esta prueba.